00281nam a2200109Ia 4500008004100000041000800041082002600049100001800075245004200093260002600135300001000161230411s9999 xx 000 0 und d aeng aP/610.7362/HOC/B03489 aHockenberry M aWongs Essentials of Pediatric Nursing bMosbyaSt Louisc2005 a1307p